Famous People Who Are Randy - Statistics

General Stats
  • This quiz has been taken 636 times
  • The average score is 5 of 14
Answer Stats
Hint Answer % Correct
The Macho Man Randy Savage
61%
"I'm sorry, dawg" Randy Jackson
47%
Actor who plays quirky roles Randy Quaid
47%
Musician who often works for Pixar Randy Newman
44%
Country music singer w/ 16 #1 hits Randy Travis
43%
Facebook founder's sister Randi Zuckerberg
41%
NFL wide receiver Randy Moss
37%
International Man of Mystery Austin Powers
32%
Pro wrestler with the WWE Randy Orton
32%
Actress, singer, star of Moesha Brandy Norwood
28%
NFL quarterback for the Eagles Randall Cunningham
24%
Actor and MMA fighter Randy Couture
14%
Screenwriter who wrote Braveheart Randall Wallace
5%
"How Country Feels" Randy Houser
5%
No matching quizzes found
Score Distribution
Percent of People with Each Score
Percentile by Number Answered
Your Score History
You have not taken this quiz